[Event "34th Chess Olympiad (women)"]
[Site "Istanbul"]
[Date "2000.11.04"]
[Round "7.38.1"]
[White "Wiesuriya, Vineetha"]
[Black "Martinez, Natiska"]
[WhiteElo "2000"]
[BlackElo "2000"]
[WhiteCountry "SRI"]
[BlackCountry "PUR"]
[Result "1-0"]

1. d4 d5 2. Nf3 e6 3. c3 Nf6 4. Bg5 Nbd7 5. e3 c6 6. Nbd2 Bd6 7. Qc2 O-O 
8. Bd3 h6 9. Bh4 Re8 10. O-O b6 11. e4 dxe4 12. Nxe4 Be7 13. Nxf6+ Bxf6 
14. Bxf6 Qxf6 15. Qe2 Bb7 16. Qe4 Rab8 17. Ne5 Nxe5 18. dxe5 Qg5 19. f4 f5 
20. fxg5 fxe4 21. Bxe4 hxg5 22. Rad1 Red8 23. Bg6 Ba6 24. Rfe1 Rxd1 
25. Rxd1 Rf8 26. h3 Bc8 27. a3 c5 28. Rd6 Rf4 29. g3 Rf3 30. Rd8+ Rf8 
31. Rd3 c4 32. Rd4 b5 33. Rd6 Rf3 34. Rd8+ Rf8 35. Rxf8+ Kxf8 36. Be4 Ke7 
37. Kf2 Kd7 38. Kf3 Kc7 39. Kg4 Bb7 40. Bxb7 Kxb7 41. Kxg5 Kc6 42. h4 Kd5 
43. Kf4 a6 44. h5 a5 45. g4 a4 46. g5 b4 47. axb4 
1-0

[Event "34th Chess Olympiad (women)"]
[Site "Istanbul"]
[Date "2000.11.04"]
[Round "7.38.2"]
[White "Basem-Hassan, Mirian"]
[Black "Konama, Anupama"]
[WhiteElo "2000"]
[BlackElo "2000"]
[WhiteCountry "PUR"]
[BlackCountry "SRI"]
[Result "1/2-1/2"]

1. d4 Nf6 2. e3 g6 3. Bd3 d5 4. f4 Bg7 5. Nf3 O-O 6. O-O Nbd7 7. c3 c5 
8. Nbd2 Qc7 9. Ne5 e6 10. Qe1 Re8 11. Qh4 cxd4 12. exd4 Nf8 13. Ndf3 N6d7 
14. Bd2 Nb6 15. Rae1 Qd8 16. Qf2 f6 17. Ng4 e5 18. Nxf6+ Bxf6 19. fxe5 Bg7 
20. Ng5 Be6 21. h4 Qe7 22. Re3 h6 23. Nxe6 Qxe6 24. Rf3 Re7 25. Qg3 
1/2-1/2

[Event "34th Chess Olympiad (women)"]
[Site "Istanbul"]
[Date "2000.11.04"]
[Round "7.38.3"]
[White "Rathayake, Chandra"]
[Black "Perez, Dolimar"]
[WhiteElo "2000"]
[BlackElo "2000"]
[WhiteCountry "SRI"]
[BlackCountry "PUR"]
[Result "1-0"]

1. e4 e5 2. Nf3 Nc6 3. Bc4 Bc5 4. c3 Nf6 5. d3 O-O 6. Bg5 d6 7. Nbd2 Bg4 
8. h3 Bd7 9. O-O a6 10. Nh2 Re8 11. Qf3 Qe7 12. Rfe1 Be6 13. Nhf1 Bxc4 
14. Nxc4 Qe6 15. Bxf6 gxf6 16. Ng3 Kh8 17. Nh5 Rg8 18. Qxf6+ Qxf6 19. Nxf6 Rg6 
20. Nd5 Rag8 21. Nce3 Bxe3 22. Nxe3 Ne7 23. Kf1 c6 24. g3 Rf6 25. Kg2 Ng6 
26. Ng4 Re6 27. Kf1 h5 28. Nh6 Rg7 29. Nf5 Rg8 30. h4 d5 31. Rad1 Ne7 
32. Nxe7 Rxe7 33. exd5 cxd5 34. Re3 Rd8 35. f4 Rde8 36. fxe5 Rxe5 37. Rxe5 Rxe5 
38. Re1 Rf5+ 39. Kg2 Kg7 40. d4 Rf6 41. Re2 Kf8 42. Rf2 Re6 43. Kh3 Ke7 44. Rf5 
1-0

[Event "34th Chess Olympiad (women)"]
[Site "Istanbul"]
[Date "2000.11.04"]
[Round "7.39.1"]
[White "Mudongo, Boikhutso"]
[Black "Goler, Isil"]
[WhiteElo "2000"]
[BlackElo "2000"]
[WhiteCountry "BOT"]
[BlackCountry "TURB"]
[Result "0-1"]

1. e4 c6 2. d4 d5 3. e5 Bf5 4. Bd3 Bxd3 5. Qxd3 e6 6. Nf3 Nd7 7. Be3 Qb6 
8. b3 c5 9. c3 cxd4 10. cxd4 Bb4+ 11. Nbd2 Rc8 12. O-O Ne7 13. Rac1 O-O 
14. Ng5 g6 15. Ndf3 Nf5 16. Bd2 Bxd2 17. Qxd2 h6 18. Nh3 Kg7 19. g4 Ne7 
20. Nf4 Nb8 21. Kh1 Nbc6 22. Rg1 Rc7 23. Rg3 Rh8 24. Rh3 Rcc8 25. Rg3 Qb4 
26. Qb2 Qb6 27. h4 Nb4 28. Rgg1 Qa6 29. Kg2 Nd3 30. Nxd3 Qxd3 31. Rgd1 Qe4 
32. Kg3 h5 33. gxh5 Nf5+ 34. Kh2 Qf4+ 35. Kg2 Qg4+ 36. Kh2 Qxf3 37. Rg1 Rxc1 
38. Qxc1 Rxh5 39. Rg2 Nxh4 
0-1

[Event "34th Chess Olympiad (women)"]
[Site "Istanbul"]
[Date "2000.11.04"]
[Round "7.39.2"]
[White "Meseli, Perihan"]
[Black "Lopang, Tshepiso"]
[WhiteElo "2000"]
[BlackElo "2000"]
[WhiteCountry "TURB"]
[BlackCountry "BOT"]
[Result "1/2-1/2"]

1. e4 e5 2. Nf3 Nc6 3. d4 exd4 4. Nxd4 Nxd4 5. Qxd4 d6 6. Bc4 Qe7 7. Nc3 c6 
8. O-O h5 9. Bf4 Bd7 10. Rad1 f6 11. Bxd6 Qxd6 12. Qxd6 Bxd6 13. Rxd6 O-O-O 
14. Rfd1 Ne7 15. Rxd7 Rxd7 16. Be6 Rhd8 17. Bxd7+ Rxd7 18. Rxd7 Kxd7 
19. f4+ Kd6 20. Kf2 b5 21. Ne2 Kc5 22. Ke3 g6 23. h4 f5 24. Ng3 a5 25. Kd3 Kd6 
26. a3 Ke6 27. Kd4 fxe4 28. Kxe4 c5 29. Ne2 Nf5 30. g3 Nd6+ 31. Kf3 b4 
32. axb4 cxb4 33. b3 Kd5 34. g4 hxg4+ 35. Kxg4 Ke4 36. Ng3+ Ke3 37. f5 Kd2 
38. fxg6 Kxc2 39. g7+ Ne8 40. Nh5+ Nxg7 41. Nxg7+ Kxb3 
1/2-1/2

[Event "34th Chess Olympiad (women)"]
[Site "Istanbul"]
[Date "2000.11.04"]
[Round "7.39.3"]
[White "Nakedi, Gloria"]
[Black "Aydin, Nazli"]
[WhiteElo "2000"]
[BlackElo "2000"]
[WhiteCountry "BOT"]
[BlackCountry "TURB"]
[Result "0-1"]

1. d4 d5 2. e3 Bf5 3. f4 e6 4. Nf3 Nf6 5. Bd3 Bxd3 6. Qxd3 Nbd7 7. Nbd2 Be7 
8. O-O O-O 9. Ne5 Rb8 10. Rf3 c5 11. c3 cxd4 12. exd4 Bd6 13. Rh3 g6 
14. Ndf3 Ne4 15. Qe3 f6 16. Ng4 h5 17. Nf2 Nxf2 18. Qxe6+ Kg7 19. Kxf2 Nb6 
20. Qe2 Re8 21. Qc2 Re4 22. g3 Qe7 23. Bd2 Re2+ 24. Kf1 Nc4 25. b3 Ne3+ 
26. Kxe2 Nxc2+ 27. Kd1 Nxa1 28. Kc1 Qe4 29. Ne1 
0-1

[Event "34th Chess Olympiad (women)"]
[Site "Istanbul"]
[Date "2000.11.04"]
[Round "7.40.1"]
[White "Afonso, Vieira"]
[Black "Lai, Xiaoqing"]
[WhiteElo "2000"]
[BlackElo "2000"]
[WhiteCountry "ANG"]
[BlackCountry "JPN"]
[Result "0-1"]

1. d4 d5 2. c4 e6 3. Nc3 Nf6 4. Nf3 Be7 5. e3 O-O 6. Bd2 b6 7. Be2 Bb7 
8. Rc1 Nbd7 9. O-O c5 10. dxc5 Nxc5 11. cxd5 Nxd5 12. b3 Nb4 13. Ne1 Bf6 
14. a3 Nbd3 15. Nxd3 Nxd3 16. Bxd3 Qxd3 17. Qc2 Qd6 18. Nb1 Rac8 19. Qd1 Qd5 
20. f3 Rfd8 21. Rxc8 Bxc8 22. Qc2 Ba6 23. Rf2 Rc8 24. Qd1 Bb2 25. Qe1 Qxb3 
26. g3 Bd3 27. Kg2 Bf6 28. Rf1 Bxb1 29. Bb4 Bd3 30. Rf2 a5 31. Bd6 Qd5 
32. Bf4 Qb3 33. e4 Bd4 34. Rd2 Rc2 35. Rxc2 Qxc2+ 36. Kh3 Qf2 37. Qc1 Bc5 
38. Qd1 h5 39. Qxd3 Qb2 40. Bd6 Bg1 41. g4 e5 42. gxh5 Qxh2+ 43. Kg4 Qf4+ 
44. Kh3 Bf2 45. Bxe5 Qxe5 46. f4 Qxf4 47. Kg2 Qg3+ 48. Qxg3 Bxg3 49. Kxg3 b5 
50. Kf3 b4 51. axb4 axb4 52. Ke3 Kh7 53. Kd3 Kh6 54. Kc4 Kxh5 55. Kxb4 Kg4 
56. Kc3 Kf3 
0-1

[Event "34th Chess Olympiad (women)"]
[Site "Istanbul"]
[Date "2000.11.04"]
[Round "7.40.2"]
[White "Watai, Miyoko"]
[Black "Conceicao Venancio, Maria"]
[WhiteElo "2000"]
[BlackElo "2000"]
[WhiteCountry "JPN"]
[BlackCountry "ANG"]
[Result "1/2-1/2"]

1. d4 Nf6 2. Nf3 e6 3. e3 d5 4. Bd3 Nbd7 5. O-O c5 6. c4 cxd4 7. Nxd4 Nc5 
8. Be2 Bd7 9. b3 a5 10. Bb2 Be7 11. Nc3 O-O 12. Nf3 Bc6 13. Ne5 Rc8 
14. Nxc6 bxc6 15. Qc2 Rb8 16. Rfd1 Nce4 17. Nxe4 Nxe4 18. Bf3 Nf6 19. e4 Qc8 
20. Rac1 Rd8 21. h3 Qb7 22. exd5 cxd5 23. Bxf6 Bxf6 24. cxd5 exd5 25. Qf5 Qb4 
26. Bxd5 Rb5 27. Qf3 Qe7 28. Bc4 Rb6 29. Rxd8+ Qxd8 30. Rd1 Rd6 31. Rxd6 Qxd6 
32. Qe2 Kf8 33. Qc2 g6 34. a4 Bd4 35. Qe2 Bc5 36. Qf3 Qc7 37. Qf6 h5 
38. Qh8+ Ke7 39. Qg7 Qf4 40. Qb2 f6 41. Qc2 f5 42. Qe2+ Kf6 43. Qe6+ Kg5 
44. Qe1 h4 45. Qe2 Qc1+ 46. Qf1 Qxf1+ 47. Kxf1 Kf4 48. Ke2 g5 49. f3 Kg3 
50. Kf1 Bb4 51. Be6 Kf4 52. Bc4 Bc5 53. Be6 Bb4 54. Bc4 Bc5 
1/2-1/2

[Event "34th Chess Olympiad (women)"]
[Site "Istanbul"]
[Date "2000.11.04"]
[Round "7.40.3"]
[White "Zangata, Fatima"]
[Black "Nakagawa, Emiko"]
[WhiteElo "2000"]
[BlackElo "2000"]
[WhiteCountry "ANG"]
[BlackCountry "JPN"]
[Result "0-1"]

1. e4 c6 2. d4 d5 3. Nc3 dxe4 4. Nxe4 Nd7 5. Bc4 Ngf6 6. Ng5 e6 7. N5f3 Nb6 
8. Bb3 h6 9. Nh3 c5 10. c3 cxd4 11. cxd4 Bd6 12. Be3 O-O 13. O-O Nbd5 
14. Qd3 b6 15. a3 Bb7 16. Rac1 Qe7 17. Bc2 Rfc8 18. Ne5 Nxe3 19. fxe3 Be4 
20. Qe2 Rxc2 21. Rxc2 Bxc2 22. Qxc2 Qb7 23. Rf4 Rc8 24. Qd2 Qc7 25. Rf1 Bxe5 
26. dxe5 Qxe5 27. Rf2 Qc5 28. Rf1 Qc2 29. Qd4 Qe4 30. Qd2 Rc2 31. Qd8+ Kh7 
32. Nf2 Qxe3 33. h3 Ne4 34. Qh4 
0-1

[Event "34th Chess Olympiad (women)"]
[Site "Istanbul"]
[Date "2000.11.04"]
[Round "7.41.1"]
[White "Mak, Sharon"]
[Black "Xu, Yaping"]
[WhiteElo "2000"]
[BlackElo "2000"]
[WhiteCountry "MAC"]
[BlackCountry "SIN"]
[Result "0-1"]

1. e4 c5 2. Nf3 d6 3. d4 cxd4 4. Nxd4 Nf6 5. Bc4 e6 6. Nc3 a6 7. a3 Qc7 
8. Ba2 Be7 9. Nf3 b5 10. O-O Bb7 11. Re1 Nbd7 12. Nd4 Nc5 13. f3 O-O 
14. b4 Ncd7 15. Nce2 Rac8 16. Bb3 Nb6 17. Nxe6 fxe6 18. Bxe6+ Kh8 19. Bxc8 Rxc8 
20. Nd4 Nc4 21. Bf4 Ne5 22. Rc1 Qb6 23. Kh1 Rc3 24. Re3 Rxe3 25. Bxe3 Nc4 
26. Qd3 d5 27. Rd1 dxe4 28. fxe4 Bxe4 29. Qc3 Nd5 
0-1

[Event "34th Chess Olympiad (women)"]
[Site "Istanbul"]
[Date "2000.11.04"]
[Round "7.41.2"]
[White "Rolles, May"]
[Black "Choi, Kuan"]
[WhiteElo "2000"]
[BlackElo "2000"]
[WhiteCountry "SIN"]
[BlackCountry "MAC"]
[Result "1/2-1/2"]

1. d4 d5 2. c4 dxc4 3. e3 Be6 4. Nc3 a6 5. d5 Bd7 6. Bxc4 b5 7. Bb3 Nf6 
8. Nf3 c6 9. dxc6 Nxc6 10. Nd5 Nxd5 11. Qxd5 e6 12. Qd1 Qc7 13. O-O Be7 
14. Bd2 O-O 15. Rc1 Qb6 16. Bc3 Rad8 17. Qc2 b4 18. Bd4 Nxd4 19. Nxd4 Rc8 
20. Qe4 g6 21. Rfd1 Rxc1 22. Rxc1 f5 23. Qd3 Rc8 24. Rxc8+ Bxc8 25. Qc4 Bd7 
26. Nxe6 Kf7 27. Nc7+ Kg7 28. Qf7+ Kh6 29. Nd5 Qc5 30. h3 Qc1+ 31. Kh2 Bd6+ 
32. g3 Bc6 33. Qe6 Bb8 34. Qc8 Bd6 35. Ba4 Qxb2 36. Bxc6 Qxf2+ 37. Kh1 Qe1+ 
38. Kg2 Qxg3+ 39. Kf1 Qxh3+ 40. Kf2 Qh2+ 41. Kf3 Bg3 42. Qf8+ Kg5 43. Qe7+ Kh5 
44. Nf6+ Kh6 45. Ng8+ Kh5 46. Qxh7+ Kg5 47. Qe7+ Kh5 
1/2-1/2

[Event "34th Chess Olympiad (women)"]
[Site "Istanbul"]
[Date "2000.11.04"]
[Round "7.41.3"]
[White "Lee, Wing"]
[Black "Liu, Yang"]
[WhiteElo "2000"]
[BlackElo "2000"]
[WhiteCountry "MAC"]
[BlackCountry "SIN"]
[Result "1-0"]

1. e4 e5 2. Nf3 Nc6 3. Bc4 Bc5 4. d3 Nf6 5. Bg5 d6 6. Nc3 h6 7. Bh4 Bg4 
8. h3 Bh5 9. g4 Bg6 10. Bxf6 Qxf6 11. Nd5 Qd8 12. a3 f6 13. Nh4 Bf7 14. Nf5 g6 
15. Nfe3 Bxd5 16. Bxd5 Qd7 17. Qf3 Rf8 18. Bxc6 Qxc6 19. Nd5 Kd7 20. h4 Rae8 
21. Nxf6+ Kc8 22. g5 h5 23. Qh3+ Kd8 24. Nxe8 Rxe8 25. O-O-O Bxf2 26. Rhf1 Bc5 
27. Rf6 Rg8 28. Rdf1 Qe8 29. Qe6 Qxe6 30. Rxe6 Be3+ 31. Kd1 Bf4 32. Rf6 Bg3 
33. Rh1 Bf4 34. c4 Rg7 35. b4 a6 36. d4 b6 37. c5 Kd7 38. cxb6 cxb6 39. a4 Bg3 
40. d5 Bf4 41. b5 a5 42. Ke2 Kc7 43. Rh3 Kd7 44. Rc3 Bh2 45. Rc6 
1-0

[Event "34th Chess Olympiad (women)"]
[Site "Istanbul"]
[Date "2000.11.04"]
[Round "7.42.1"]
[White "Al-Gurshi, Buthaina"]
[Black "Babic, Gail"]
[WhiteElo "2000"]
[BlackElo "2000"]
[WhiteCountry "YEM"]
[BlackCountry "ISV"]
[Result "1/2-1/2"]

1. e4 e5 2. Nf3 Nc6 3. Nc3 Nf6 4. Bc4 h6 5. d4 exd4 6. Nxd4 Nxd4 7. Qxd4 Be7 
8. O-O O-O 9. e5 Nh7 10. Rd1 c6 11. Bf4 b5 12. Bb3 c5 13. Qe4 Rb8 14. e6 d6 
15. exf7+ Kh8 16. a3 c4 17. Nd5 Rxf7 18. Ba2 Bf5 19. Qe2 Qd7 20. Re1 Re8 
21. Rad1 Nf6 22. h3 Nxd5 23. Rxd5 Ref8 24. b3 Bg6 25. Bg3 Qd8 26. bxc4 bxc4 
27. Rf1 Bh4 28. Rxd6 Qg5 
1/2-1/2

[Event "34th Chess Olympiad (women)"]
[Site "Istanbul"]
[Date "2000.11.04"]
[Round "7.42.2"]
[White "Mody, Ila"]
[Black "Raweh, Adeela"]
[WhiteElo "2000"]
[BlackElo "2000"]
[WhiteCountry "ISV"]
[BlackCountry "YEM"]
[Result "0-1"]

1. d4 d5 2. c4 Nf6 3. Nc3 Nc6 4. Nf3 h6 5. h3 Be6 6. c5 Ne4 7. Qc2 g6 8. e3 a6 
9. Nxe4 dxe4 10. Qxe4 Bf5 11. Qf4 Nb4 12. Kd2 Nc2 13. Rb1 Qd5 14. b3 Nb4 
15. Rb2 Rc8 16. Ne1 b6 17. a3 Nc6 18. b4 e5 19. Qf3 Be4 20. Qf6 Rg8 21. f3 Bf5 
22. b5 Na5 23. Rb4 Bxc5 24. Ra4 Qa2+ 25. Kd1 Qb3+ 26. Ke2 exd4 27. Qe5+ Kf8 
28. Rxd4 Bxd4 29. Qxd4 Qxb5+ 30. Kf2 Qc6 31. Bxa6 Qxc1 32. Bxc8 Bxc8 
33. Qb4+ Kg7 34. Qd4+ Kh7 35. Rf1 Qxa3 36. Nc2 Qc5 37. Qd2 Nc4 38. Qd4 Qxd4 
39. Nxd4 Ba6 40. Rc1 Re8 41. e4 Rd8 42. Nc2 Rd2+ 43. Kg3 Ne5 44. Nb4 Bc4 
45. f4 c5 46. fxe5 Rd4 47. Nc6 Rxe4 48. Kf3 Bd5 49. Ne7 Bb7 50. Kg3 h5 
51. Rf1 Re3+ 52. Kh4 Kg7 53. g4 Rxe5 54. Nf5+ gxf5 55. gxf5 Kh6 56. Rb1 Re4+ 
57. Kg3 h4+ 58. Kf2 Rb4 59. Rd1 Rf4+ 60. Kg1 Rxf5 61. Rd6+ Kg7 62. Rxb6 Be4 
63. Rb2 c4 64. Re2 Bd3 65. Rg2+ Kh6 66. Rg4 Rg5 67. Rxg5 Kxg5 68. Kf2 c3 
69. Ke1 
0-1

[Event "34th Chess Olympiad (women)"]
[Site "Istanbul"]
[Date "2000.11.04"]
[Round "7.42.3"]
[White "Abdulsalam, Nadhmeia"]
[Black "Oliver, Patricia"]
[WhiteElo "2000"]
[BlackElo "2000"]
[WhiteCountry "YEM"]
[BlackCountry "ISV"]
[Result "1-0"]

1. d4 d5 2. c4 Nf6 3. Nc3 g6 4. e3 Bg7 5. Nf3 O-O 6. Bd3 e6 7. O-O Re8 
8. Re1 Nbd7 9. e4 dxc4 10. Bxc4 b6 11. e5 Ng4 12. h3 Nxf2 13. Kxf2 Bb7 
14. Bf4 Bxf3 15. Qxf3 Qh4+ 16. Bg3 Qxd4+ 17. Qe3 Qxc4 18. b3 Qa6 19. Qd2 Nc5 
20. Kg1 Rad8 21. Qc2 Qd3 22. Qxd3 Nxd3 23. Re2 Nb4 24. Nb5 Rd3 25. Bh4 Rxh3 
26. gxh3 f6 27. exf6 Bf8 28. Rf1 h5 29. f7+ 
1-0

[Event "34th Chess Olympiad (women)"]
[Site "Istanbul"]
[Date "2000.11.04"]
[Round "7.43.1"]
[White "Zsiltzova-Lisenko, Lubov"]
[Black "Milligan, Helen"]
[WhiteElo "2273"]
[BlackElo "2123"]
[WhiteCountry "IBSA"]
[BlackCountry "SCO"]
[Result "1-0"]

1. e4 c5 2. Nf3 Nc6 3. d4 cxd4 4. Nxd4 Nf6 5. Nc3 e5 6. Ndb5 d6 7. Nd5 Nxd5 
8. exd5 Nb8 9. c3 a6 10. Na3 Be7 11. Be2 O-O 12. O-O Nd7 13. Kh1 f5 14. f4 Bf6 
15. Be3 exf4 16. Bxf4 Be5 17. Nc4 Bxf4 18. Rxf4 Nc5 19. Qd4 b5 20. Nd2 Qf6 
21. Nb3 Nxb3 22. Qxf6 Rxf6 23. axb3 Bb7 24. c4 g5 25. Rff1 f4 26. Bg4 b4 
27. Rfe1 Kf8 28. Kg1 Re8 29. Rxe8+ Kxe8 30. Ra4 Kd8 31. Rxb4 Kc7 32. Ra4 Rf8 
33. b4 Re8 34. Be6 Kb6 35. b3 Rf8 36. Kf2 h5 37. h3 Re8 38. Ra2 Ra8 39. Rc2 Rf8 
40. c5+ Kc7 41. Ra2 Rf6 42. c6 Bc8 43. Bxc8 Kxc8 44. Rxa6 Rf5 45. b5 
1-0

[Event "34th Chess Olympiad (women)"]
[Site "Istanbul"]
[Date "2000.11.04"]
[Round "7.43.2"]
[White "Rutherford, Elaine"]
[Black "Debowska, Teresa"]
[WhiteElo "2050"]
[BlackElo "2094"]
[WhiteCountry "SCO"]
[BlackCountry "IBSA"]
[Result "1-0"]

1. e4 c5 2. Nc3 Nc6 3. f4 g6 4. Nf3 Bg7 5. Bb5 Nd4 6. O-O e6 7. d3 Ne7 
8. Nxd4 cxd4 9. Ne2 O-O 10. Ba4 d6 11. Kh1 Bd7 12. Bb3 Rc8 13. Bd2 Kh8 
14. Qe1 Nc6 15. Ng1 f5 16. Nf3 h6 17. Qg3 Kh7 18. Rae1 b5 19. exf5 exf5 
20. Ng5+ Kh8 21. Nf7+ Rxf7 22. Bxf7 Qf6 23. Qxg6 a5 24. Qxf6 Bxf6 25. Be6 Rd8 
26. Bxd7 Rxd7 27. Re8+ Kg7 28. Ra8 b4 29. Rf2 Bd8 30. Re2 Kf7 31. Be1 Re7 
32. Rxe7+ Kxe7 33. Bh4+ Kd7 34. Bxd8 Nxd8 35. Rxa5 Ke6 36. Rb5 Nc6 37. Rb6 Kd5 
38. Rb7 Ke6 39. Rh7 Ne7 40. Rxh6+ Kd5 41. Rf6 
1-0

[Event "34th Chess Olympiad (women)"]
[Site "Istanbul"]
[Date "2000.11.04"]
[Round "7.43.3"]
[White "Sanchez, Esmeralda"]
[Black "Wilman, Carey"]
[WhiteElo "2000"]
[BlackElo "2066"]
[WhiteCountry "IBSA"]
[BlackCountry "SCO"]
[Result "0-1"]

1. e4 d6 2. d4 Nf6 3. Nc3 g6 4. f4 Bg7 5. Nf3 c5 6. dxc5 Qa5 7. Bd3 Qxc5 
8. Qe2 O-O 9. Be3 Qa5 10. O-O Bg4 11. h3 Bxf3 12. Qxf3 Nc6 13. a3 a6 
14. Qf2 Nd7 15. Qe1 b5 16. Bd2 Qb6+ 17. Kh1 Qb7 18. Rb1 Rac8 19. Nd5 Nb6 
20. Nxb6 Qxb6 21. Bc3 Bxc3 22. Qxc3 a5 23. Qd2 Rc7 24. c3 Rfc8 25. Qe2 b4 
26. Bb5 bxc3 27. bxc3 Qc5 28. a4 Qxc3 29. Rfc1 Qf6 30. Bxc6 Rxc6 31. Rxc6 Rxc6 
32. Qb5 Rc5 33. Qf1 Qd4 34. f5 Kg7 35. fxg6 hxg6 
0-1